UM Logo

Information literacy instruction that works : (Record no. 13726)

MARC details
000 -LEADER
fixed length control field 00970nam a22002057a 4500
008 - FIXED-LENGTH DATA ELEMENTS--GENERAL INFORMATION
fixed length control field 190403b ||||| |||| 00| 0 eng d
020 ## - INTERNATIONAL STANDARD BOOK NUMBER
International Standard Book Number 9781555708740
082 ## - DEWEY DECIMAL CLASSIFICATION NUMBER
Edition number 2014
Classification number AV-Eb 028.7071
Item number R141
100 ## - MAIN ENTRY--PERSONAL NAME
Personal name Ragains, Patrick .
9 (RLIN) 38157
245 ## - TITLE STATEMENT
Title Information literacy instruction that works :
Remainder of title a guide to teaching by discipline and student population /
Statement of responsibility, etc. edited by Patrick Ragains.
250 ## - EDITION STATEMENT
Edition statement Second Edition
260 ## - PUBLICATION, DISTRIBUTION, ETC. (IMPRINT)
Name of publisher, distributor, etc. American Library Association,
Date of publication, distribution, etc. ©2014.
300 ## - PHYSICAL DESCRIPTION
Extent 392 pages;
500 ## - GENERAL NOTE
General note Includes index.
650 ## - SUBJECT ADDED ENTRY--TOPICAL TERM
Topical term or geographic name as entry element Academic libraries -- Relations with faculty and curriculum.
9 (RLIN) 38158
650 ## - SUBJECT ADDED ENTRY--TOPICAL TERM
Topical term or geographic name as entry element Electronic information resource literacy -- Study and teaching (Higher)Electronic information resource literacy -- Study and teaching (Higher)
9 (RLIN) 38159
650 ## - SUBJECT ADDED ENTRY--TOPICAL TERM
Topical term or geographic name as entry element Information literacy -- Study and teaching (Higher)
9 (RLIN) 38160
856 ## - ELECTRONIC LOCATION AND ACCESS
Link text https://ebookcentral.proquest.com/lib/uniofmindanao-ebooks/detail.action?docID=1702497
942 ## - ADDED ENTRY ELEMENTS (KOHA)
Source of classification or shelving scheme Dewey Decimal Classification
Koha item type Ebooks
Holdings
Withdrawn status Lost status Source of classification or shelving scheme Damaged status Not for loan Home library Current library Shelving location Date acquired Source of acquisition Total Checkouts Full call number Barcode Date last seen Copy number Price effective from Koha item type
    Dewey Decimal Classification     UM Digos College - LIC UM Digos College - LIC Processing Center 04/03/2019 Downloaded   AV-Eb 028.7071 R141 Eb132 04/03/2019 1 04/03/2019 Ebooks